| 000 | 00542nam a22001817a 4500 | ||
|---|---|---|---|
| 008 | 160420b xxu||||| |||| 00| 0 eng d | ||
| 020 | _a9710459230 | ||
| 082 |
_22008 _aDFil 364 _bM31f |
||
| 100 |
_96010 _aManwong, Rommel K. |
||
| 245 |
_aFundamentals of criminology/ _cRommel K. Manwong |
||
| 250 | _aThird Edition | ||
| 260 |
_aQuezon City: _bWiseman's Books Trading, _cc2008. |
||
| 300 |
_axiv, 488 pages: _billustrations; _c22 cm. |
||
| 500 | _aInclude references | ||
| 650 | 0 |
_96013 _aCrime |
|
| 365 |
_b832.00 _cPhp. |
||
| 942 |
_2ddc _cDFIL |
||
| 999 |
_c1882 _d1882 |
||